000 00835nam a2200253Ia 4500
003 OSt
005 20220928130458.0
006 a|||||r|||| 00| 0
007 ta
008 220927b |||||||| |||| 00| 0 eng d
020 _c3497.1999999999998
024 _a113685
037 _b060, 24/10/2011, Aviva Books Company
_cTextual
040 _aSDCL
_cSDCL
_beng
041 _2eng
_aeng
082 _aX64:89Q1, Q1
100 _aDanielsson Jon
_9474089
245 0 _aFinancial risk forecasting
_b The theory and practice of forecasting market risk with implementation in R and matlab.
260 _aChichester
_bJohn WIley
_c2011
300 _axxi,274p
_ccm.
650 _aFinancial Studies
942 _hX64:89Q1, Q1
_cTEXL
_2CC
999 _c786705
_d786705